Why mosquitoes buzz in people's ears / (Record no. 38)
[ view plain ]
| 000 -LEADER | |
|---|---|
| fixed length control field | 01186nam a22003257a 4500 |
| 001 - CONTROL NUMBER | |
| control field | 38 |
| 003 - CONTROL NUMBER IDENTIFIER | |
| control field | FISKH |
| 005 - DATE AND TIME OF LATEST TRANSACTION | |
| control field | 20250327084951.0 |
| 008 - FIXED-LENGTH DATA ELEMENTS--GENERAL INFORMATION | |
| fixed length control field | 230131b cb ||||| |||| 00| 0 eng d |
| 010 ## - LIBRARY OF CONGRESS CONTROL NUMBER | |
| LC control number | 99583004 |
| 035 ## - SYSTEM CONTROL NUMBER | |
| System control number | (OCoLC)ocm26501470 |
| 040 ## - CATALOGING SOURCE | |
| Original cataloging agency | JDP |
| Transcribing agency | JDP |
| Modifying agency | SLC |
| -- | DLC |
| -- | FISKH |
| 050 00 - LIBRARY OF CONGRESS CALL NUMBER | |
| Classification number | PZ8 |
| Item number | .A213 |
| 082 ## - DEWEY DECIMAL CLASSIFICATION NUMBER | |
| Edition number | 398.2 |
| 100 1# - MAIN ENTRY--PERSONAL NAME | |
| Personal name | Aardema, Verna. |
| 245 10 - TITLE STATEMENT | |
| Title | Why mosquitoes buzz in people's ears / |
| Statement of responsibility, etc. | Verna Aardema ; pictures by Leo and Diane Dillon |
| 260 ## - PUBLICATION, DISTRIBUTION, ETC. | |
| Place of publication, distribution, etc. | New York : |
| Name of publisher, distributor, etc. | Scholastic, |
| Date of publication, distribution, etc. | 1975 |
| 300 ## - PHYSICAL DESCRIPTION | |
| Extent | 26 pages : |
| Other physical details | Color illustrations ; |
| Dimensions | 21 cm |
| 500 ## - GENERAL NOTE | |
| General note | Book: pictures by Leo and Diane Dillon; copyrighted in 1975. |
| 505 ## - FORMATTED CONTENTS NOTE | |
| Formatted contents note | N |
| 520 ## - SUMMARY, ETC. | |
| Summary, etc. | "In this Caldecott Medal winner, Mosquito tells a story that causes a jungle disaster. "Elegance has become the Dillons' hallmark. . . . Matching the art is Aardema's uniquely onomatopoeic text . . . An impressive showpiece." |
| 521 ## - TARGET AUDIENCE NOTE | |
| Target audience note | 770 |
| Source | Lexile |
| 521 ## - TARGET AUDIENCE NOTE | |
| Target audience note | U |
| Source | Raz-Paz |
| 650 #0 - SUBJECT ADDED ENTRY--TOPICAL TERM | |
| Topical term or geographic name entry element | Folklore |
| Geographic subdivision | Africa, West. |
| 650 #0 - SUBJECT ADDED ENTRY--TOPICAL TERM | |
| Topical term or geographic name entry element | Talking books for children. |
| 650 #1 - SUBJECT ADDED ENTRY--TOPICAL TERM | |
| Topical term or geographic name entry element | Animals |
| General subdivision | Fiction. |
| 700 1# - ADDED ENTRY--PERSONAL NAME | |
| Personal name | Dillon, Leo. |
| Relationship | illustrator |
| 700 1# - ADDED ENTRY--PERSONAL NAME | |
| Personal name | Dillon, Diane. |
| Relationship | illustrator |
| 942 ## - ADDED ENTRY ELEMENTS (KOHA) | |
| Source of classification or shelving scheme | Library of Congress Classification |
| Koha item type | Books |
| Suppress in OPAC | No |
| Withdrawn status | Lost status | Source of classification or shelving scheme | Damaged status | Not for loan | Collection | Home library | Current library | Shelving location | Date acquired | Total Checkouts | Full call number | Barcode | Date last seen | Copy number | Price effective from | Koha item type | Date due | Date last checked out |
|---|---|---|---|---|---|---|---|---|---|---|---|---|---|---|---|---|---|---|
| Dewey Decimal Classification | Juvenile Fiction | Footprints International School Library Network Toul Kork Campus | Footprints International School Library Network Toul Kork Campus | 01/31/2023 | AAR 398.2 PZ8 .A213 1975 | FISTK02608 | 02/07/2023 | 1 | 01/31/2023 | Books | ||||||||
| Dewey Decimal Classification | Juvenile Fiction | Footprints International School Library Network Toul Kork Campus | Footprints International School Library Network Toul Kork Campus | 01/31/2023 | 2 | AAR 398.2 PZ8 .A213 1975 | FISTK02445 | 04/23/2026 | 2 | 01/31/2023 | Books | 05/07/2026 | 04/23/2026 | |||||
| Dewey Decimal Classification | Juvenile Fiction | Footprints International School Library Network Toul Tom Poung Campus | Footprints International School Library Network Toul Tom Poung Campus | TTP Primary Orange Bookshelves | 03/27/2025 | AAR 398.2 PZ8 .A213 1975 | 2025-0820 | 03/27/2025 | 3 | 03/27/2025 | Books |
